000
00285nam a2200121Ia 4500
005
20251222144835.0
008
251222s9999||||xx |||||||||||||| ||spa||
082
_a
922.23/B74G
100
_a
Guidetti, Armando
245
0
_a
San Carlo Borromeo:
264
_b
Rusconi Libri
942
_c
LIB
999
_c
21021
_d
21021